| 000 | 01575cam a2200361 i 4500 | ||
|---|---|---|---|
| 001 | 501 | ||
| 003 | Mx-PuUPA | ||
| 005 | 20250613151157.0 | ||
| 008 | 140415s1999 sp gr 001 0 spa d | ||
| 017 | _aB. 27.180-99 | ||
| 020 | _a8471295016 | ||
| 040 |
_aMX-PuUPA _bspa _erda _cMx-PuUPA _dMx-PuUPA |
||
| 041 | 0 | _aspa | |
| 100 | 1 |
_aArocena, Félix María, _d1954- _eautor _916673 |
|
| 245 | 1 | 0 |
_aSentir con los padres. _nVolumen II. _plas lecturas patrísticas y hagiográficas de la liturgia de las horas con glosas y comentarios / _cpor Félix María Arocena Solano ; Teología Espiritual de Barcelona |
| 246 | 3 | 0 | _aLas lecturas patrísticas y hagiográficas de la liturgia de las horas con glosas y comentarios |
| 250 | _a1a. edición | ||
| 264 | 1 |
_aBarcelona, España : _bEditorial Regina, _c1999 |
|
| 300 |
_a824 páginas ; _c22 cm |
||
| 336 |
_atexto _2rdacontent _btxt |
||
| 337 |
_asin medio _2rdamedia _bn |
||
| 338 |
_avolumen _2rdacarrier _bnc |
||
| 505 | 0 |
_gv.2. _tTiempo ordinario (Domingo VI - Sábado XXXIV) ; Solemnidades y fiestas del Señor ; Durante el tiempo ordinario ; Propio de los Santos (12 de Mayo - 30 de Noviembre). |
|
| 650 | 7 |
_2armarc _aBiblia _xComentarios |
|
| 650 | 7 |
_2armarc _aPadres de la Iglesia |
|
| 650 | 7 |
_2armarc _aLiturgia _xOficio divino |
|
| 650 | 7 |
_2armarc _aLeccionarios |
|
| 710 | 2 |
_aTeología Espiritual de Barcelona, _epromotor |
|
| 942 |
_2ddc _cLI _h220.7 _iA76 |
||
| 999 |
_c501 _d501 |
||